Odborná škola. Roč. 30, č. 1-10, 1982-83

Bibliographic Details
Format: Book
Language:Undetermined
Published: Praha SPN 1982-83

MARC

LEADER 00000nam a2200000 a 4500
001 vtls001323852
003 SK-MaSNL
005 20260223214953.0
008 980309suuuu xx 0 und
035 |a SNK000276553 
040 |a SNK  |b slo  |c SNK  |e AACR2 
245 1 |a Odborná škola. Roč. 30, č. 1-10, 1982-83 
260 |a Praha  |b SPN  |c 1982-83 
999 |c 717413  |d 719343 
952 |t P60, <06>, [BOOK], {606}  |a SNK  |b SNK  |y PREZ  |7 0  |p 17A0127899  |o snkČC 832/30/1982-83  |0 0  |1 1  |4 0  |d 1998-03-09  |l 0  |r 2005-01-02 00:00:00  |w 2026-02-23